[Event "NB I. Charousek csoport"]
[Site "Gyor"]
[Date "2023.10.08"]
[Round "1.12"]
[White "Farkas, Virag"]
[Black "Berta, Tibor"]
[Result "0-1"]
[WhiteElo "1769"]
[BlackElo "2031"]
[PlyCount "68"]
[EventDate "2023.10.08"]
[EventType "team-tourn"]
[EventRounds "11"]
[EventCountry "HUN"]
[Source "chess.hu"]
[WhiteTeam "Szechenyi ESE Gyor"]
[BlackTeam "ASE II. Paks"]
[WhiteTeamCountry "HUN"]
[BlackTeamCountry "HUN"]

1. e4 Nf6 2. Nc3 d5 3. e5 Nfd7 4. Nf3 e6 5. d4 c5 6. Be3 Nc6 7. Bb5 Qb6 8. O-O
Be7 9. Rb1 O-O 10. Re1 cxd4 11. Nxd4 Ncxe5 12. Nc6 Bc5 13. Bxc5 Qxc5 14. Nxe5
Nxe5 15. Rxe5 f6 16. Rh5 g6 17. Rh4 a6 18. Bd3 e5 19. Qd2 e4 20. Be2 Be6 21.
Rd1 Rad8 22. Na4 Qe7 23. Qd4 b5 24. Nc5 Bc8 25. Qe3 Rf7 26. b4 f5 27. Qh6 Rd6
28. Rh3 d4 29. Qd2 f4 30. Rb3 Rff6 31. c4 d3 32. Bf1 bxc4 33. Rc3 e3 34. Rdc1
exd2 0-1

[Event "NB I. Charousek csoport"]
[Site "Szentgotthard"]
[Date "2023.10.15"]
[Round "2.1"]
[White "Forgacs, Attila Jr"]
[Black "Kilgus, Georg"]
[Result "1/2-1/2"]
[WhiteElo "2265"]
[BlackElo "2410"]
[PlyCount "62"]
[EventDate "2023.10.08"]
[EventType "team-tourn"]
[EventRounds "11"]
[EventCountry "HUN"]
[Source "chess.hu"]
[WhiteTeam "ASE II. Paks"]
[BlackTeam "SZ-A STE"]
[WhiteTeamCountry "HUN"]
[BlackTeamCountry "HUN"]

1. e4 c5 2. Nf3 Nc6 3. d4 cxd4 4. Nxd4 Nf6 5. Nc3 d6 6. Bg5 Bd7 7. Qd2 a6 8.
O-O-O e6 9. f4 Be7 10. Nf3 h5 11. Bxf6 gxf6 12. g3 Qa5 13. Kb1 h4 14. Ne2 f5
15. exf5 Qxf5 16. Ned4 Qc5 17. Bg2 Rc8 18. Rhe1 Nxd4 19. Nxd4 a5 20. f5 e5 21.
f6 Bxf6 22. Nb3 Qc7 23. Qxd6 Qxd6 24. Rxd6 Ke7 25. Rxd7+ Kxd7 26. Bh3+ Kd6 27.
Bxc8 Rxc8 28. Nxa5 Bd8 29. Nxb7+ Ke6 30. Nxd8+ Rxd8 31. Kc1 f5 1/2-1/2

[Event "NB I. Charousek csoport"]
[Site "Szentgotthard"]
[Date "2023.10.15"]
[Round "2.2"]
[White "Seres, Lajos"]
[Black "Tancsa, Tamas"]
[Result "1/2-1/2"]
[WhiteElo "2346"]
[BlackElo "2257"]
[PlyCount "22"]
[EventDate "2023.10.08"]
[EventType "team-tourn"]
[EventRounds "11"]
[EventCountry "HUN"]
[Source "chess.hu"]
[WhiteTeam "SZ-A STE"]
[BlackTeam "ASE II. Paks"]
[WhiteTeamCountry "HUN"]
[BlackTeamCountry "HUN"]

1. d4 Nf6 2. Nf3 e6 3. c4 Bb4+ 4. Bd2 c5 5. Bxb4 cxb4 6. a3 bxa3 7. Rxa3 O-O 8.
Nc3 Nc6 9. e3 d6 10. Be2 e5 11. O-O b6 1/2-1/2

[Event "NB I. Charousek csoport"]
[Site "Szentgotthard"]
[Date "2023.10.15"]
[Round "2.3"]
[White "Bernath, Bence"]
[Black "Takacs, Balazs"]
[Result "1-0"]
[WhiteElo "2241"]
[BlackElo "2338"]
[PlyCount "125"]
[EventDate "2023.10.08"]
[EventType "team-tourn"]
[EventRounds "11"]
[EventCountry "HUN"]
[Source "chess.hu"]
[WhiteTeam "ASE II. Paks"]
[BlackTeam "SZ-A STE"]
[WhiteTeamCountry "HUN"]
[BlackTeamCountry "HUN"]

1. e4 e6 2. d4 d5 3. Nc3 Bb4 4. e5 c5 5. a3 Bxc3+ 6. bxc3 Qa5 7. Bd2 Qa4 8. Qg4
Kf8 9. Nf3 Qxc2 10. Be2 Ne7 11. O-O c4 12. Bd1 Qg6 13. Qf4 Qf5 14. Qg3 h5 15.
Rc1 Qg4 16. Qxg4 hxg4 17. Ne1 Bd7 18. Bxg4 Nbc6 19. Bg5 Rc8 20. Nc2 Nd8 21. Ne3
Ke8 22. f4 Rc6 23. f5 Ra6 24. f6 gxf6 25. Bxf6 Rh7 26. Ra1 Ng8 27. Bg5 Ba4 28.
h4 Nc6 29. Rf2 Nge7 30. h5 Nd8 31. Bf3 Ng8 32. g4 Nc6 33. Bf6 Nce7 34. g5 Rb6
35. Rg2 Kf8 36. Rg3 Rb3 37. g6 fxg6 38. hxg6 Nxg6 39. Rxg6 Rxc3 40. Kf2 Rh2+
41. Bg2 Bc2 42. Nxc2 Rxc2+ 43. Kg1 Rh7 44. Rf1 Kf7 45. Rg3 Ne7 46. Bh3 Nf5 47.
Bxf5 exf5 48. Rxf5 Rc1+ 49. Rf1 Rh1+ 50. Kxh1 Rxf1+ 51. Kg2 Rf4 52. Rf3 Rg4+
53. Kh3 Re4 54. Bh4+ Ke8 55. Bf2 Re2 56. Kg3 b5 57. Rf6 a5 58. Rb6 Rb2 59. Kf3
c3 60. Bh4 Rh2 61. Bg5 b4 62. e6 Kf8 63. e7+ 1-0

[Event "NB I. Charousek csoport"]
[Site "Szentgotthard"]
[Date "2023.10.15"]
[Round "2.4"]
[White "Ronai, Akos Balazs"]
[Black "Losonczi, Marcell"]
[Result "1/2-1/2"]
[WhiteElo "2193"]
[BlackElo "2203"]
[PlyCount "118"]
[EventDate "2023.10.08"]
[EventType "team-tourn"]
[EventRounds "11"]
[EventCountry "HUN"]
[Source "chess.hu"]
[WhiteTeam "SZ-A STE"]
[BlackTeam "ASE II. Paks"]
[WhiteTeamCountry "HUN"]
[BlackTeamCountry "HUN"]

1. e4 e5 2. Nc3 Nc6 3. f4 d6 4. Nf3 Bg4 5. Bb5 a6 6. Bxc6+ bxc6 7. fxe5 dxe5 8.
h3 Be6 9. O-O Bc5+ 10. Kh1 f6 11. Na4 Ba7 12. b3 Ne7 13. Ba3 O-O 14. Qe2 Re8
15. Nh4 Qd7 16. Nc5 Bxc5 17. Bxc5 Ng6 18. Nxg6 hxg6 19. Rad1 Rad8 20. d4 exd4
21. Rxd4 Qc8 22. Qf3 Rxd4 23. Bxd4 Qd7 24. Bc3 Bf7 25. Re1 Qd6 26. a4 Qc5 27.
Qd3 Be6 28. Bd4 Qb4 29. Bc3 Qc5 30. Rd1 Qh5 31. Rf1 g5 32. Kg1 g4 33. hxg4 Qxg4
34. Qf3 Rd8 35. Qxg4 Bxg4 36. Kh2 Bd1 37. Rf2 Bh5 38. e5 fxe5 39. Bxe5 Rd7 40.
Kg3 Bg6 41. c3 Re7 42. Bd4 Be4 43. Re2 Kf7 44. Bxg7 Bd5 45. Rxe7+ Kxe7 46. b4
c5 47. bxc5 a5 48. Kf2 Bb3 49. Ke3 Bxa4 50. Kd4 c6 51. Be5 Bd1 52. Kc4 Ke6 53.
Bc7 a4 54. Kb4 Kf5 55. Bd6 Bc2 56. Bf8 Be4 57. g3 Bc2 58. Bg7 Kg4 59. Be5 Kf5
1/2-1/2

[Event "NB I. Charousek csoport"]
[Site "Szentgotthard"]
[Date "2023.10.15"]
[Round "2.5"]
[White "Ivan-Gal, Hanna Krisztina"]
[Black "Buzeti, Jernej"]
[Result "1/2-1/2"]
[WhiteElo "2190"]
[BlackElo "2240"]
[PlyCount "32"]
[EventDate "2023.10.08"]
[EventType "team-tourn"]
[EventRounds "11"]
[EventCountry "HUN"]
[Source "chess.hu"]
[WhiteTeam "ASE II. Paks"]
[BlackTeam "SZ-A STE"]
[WhiteTeamCountry "HUN"]
[BlackTeamCountry "HUN"]

1. e4 c5 2. Nf3 d6 3. Bb5+ Bd7 4. Bxd7+ Qxd7 5. c4 Nf6 6. Nc3 g6 7. d4 cxd4 8.
Nxd4 Bg7 9. b3 Nc6 10. Bb2 O-O 11. O-O Qd8 12. Nxc6 bxc6 13. Qe2 Nd7 14. Na4
Qa5 15. Bxg7 Kxg7 16. Rfe1 Kg8 1/2-1/2

[Event "NB I. Charousek csoport"]
[Site "Szentgotthard"]
[Date "2023.10.15"]
[Round "2.6"]
[White "Kovac, Boris"]
[Black "Szegedy, Matyas"]
[Result "0-1"]
[WhiteElo "2183"]
[BlackElo "2029"]
[PlyCount "70"]
[EventDate "2023.10.08"]
[EventType "team-tourn"]
[EventRounds "11"]
[EventCountry "HUN"]
[Source "chess.hu"]
[WhiteTeam "SZ-A STE"]
[BlackTeam "ASE II. Paks"]
[WhiteTeamCountry "HUN"]
[BlackTeamCountry "HUN"]

1. e4 c6 2. Nc3 d5 3. Nf3 Bg4 4. h3 Bxf3 5. Qxf3 e6 6. Be2 Nf6 7. O-O d4 8. Nd1
Bd6 9. c3 Be5 10. d3 O-O 11. g3 c5 12. Qg2 dxc3 13. bxc3 Nc6 14. f4 Bxc3 15.
Rb1 Bd4+ 16. Kh2 Qc7 17. e5 Nd5 18. Bf3 Rad8 19. a3 Nce7 20. Qc2 f6 21. exf6
Rxf6 22. Bb2 Nf5 23. Bxd4 Nxd4 24. Qg2 Nxf4 25. gxf4 Qxf4+ 26. Kh1 Nxf3 27.
Rxb7 g6 28. Nb2 Rdf8 29. Nc4 Qd4 30. Qe2 Qd5 31. Rfb1 Nd2+ 32. Kg1 Rf1+ 33.
Rxf1 Rxf1+ 34. Kh2 Qh1+ 35. Kg3 Rf3+ 0-1

[Event "NB I. Charousek csoport"]
[Site "Szentgotthard"]
[Date "2023.10.15"]
[Round "2.7"]
[White "Berta, Tibor"]
[Black "Volosin, Vladimir"]
[Result "1/2-1/2"]
[WhiteElo "2031"]
[BlackElo "2164"]
[PlyCount "62"]
[EventDate "2023.10.08"]
[EventType "team-tourn"]
[EventRounds "11"]
[EventCountry "HUN"]
[Source "chess.hu"]
[WhiteTeam "ASE II. Paks"]
[BlackTeam "SZ-A STE"]
[WhiteTeamCountry "HUN"]
[BlackTeamCountry "HUN"]

1. d4 c6 2. Nf3 d5 3. Bf4 Bf5 4. e3 e6 5. Bd3 Bg6 6. O-O Bd6 7. Bg3 Nf6 8. c4
Bxg3 9. hxg3 Nbd7 10. Nc3 Qe7 11. a3 O-O 12. Rc1 Rfd8 13. Qe2 Bxd3 14. Qxd3 e5
15. dxe5 Nxe5 16. Nxe5 Qxe5 17. Rfd1 Rd7 18. cxd5 Nxd5 19. Nxd5 Rxd5 20. Qb3
Rb5 21. Qc3 Qxc3 22. bxc3 Kf8 23. Rb1 Rxb1 24. Rxb1 b6 25. Kf1 Rd8 26. Ke2 Ke7
27. e4 Rd6 28. Rb4 f6 29. Rd4 c5 30. Rxd6 Kxd6 31. c4 Ke5 1/2-1/2

[Event "NB I. Charousek csoport"]
[Site "Szentgotthard"]
[Date "2023.10.15"]
[Round "2.8"]
[White "Makk, Robert"]
[Black "Gosztola, Istvan"]
[Result "1/2-1/2"]
[WhiteElo "2158"]
[BlackElo "2121"]
[PlyCount "45"]
[EventDate "2023.10.08"]
[EventType "team-tourn"]
[EventRounds "11"]
[EventCountry "HUN"]
[Source "chess.hu"]
[WhiteTeam "SZ-A STE"]
[BlackTeam "ASE II. Paks"]
[WhiteTeamCountry "HUN"]
[BlackTeamCountry "HUN"]

1. e4 c5 2. Nf3 Nc6 3. d4 cxd4 4. Nxd4 Nf6 5. Nc3 e5 6. Ndb5 d6 7. Bg5 a6 8.
Na3 Be6 9. Nc4 Rc8 10. Bxf6 gxf6 11. Ne3 Ne7 12. Qf3 Bg7 13. O-O-O Qa5 14. Rxd6
Rxc3 15. Rxe6 Rxe3 16. Rxe7+ Kxe7 17. fxe3 Qxa2 18. g3 Qa1+ 19. Kd2 Qxb2 20.
Bd3 Rd8 21. Qf5 b5 22. Qxh7 Bf8 23. Qh4 1/2-1/2

[Event "NB I. Charousek csoport"]
[Site "Szentgotthard"]
[Date "2023.10.15"]
[Round "2.9"]
[White "Toth, Nikoletta"]
[Black "Nagy-Elek, Tamas"]
[Result "0-1"]
[WhiteElo "1943"]
[BlackElo "2057"]
[PlyCount "120"]
[EventDate "2023.10.08"]
[EventType "team-tourn"]
[EventRounds "11"]
[EventCountry "HUN"]
[Source "chess.hu"]
[WhiteTeam "ASE II. Paks"]
[BlackTeam "SZ-A STE"]
[WhiteTeamCountry "HUN"]
[BlackTeamCountry "HUN"]

1. Nf3 d5 2. g3 g6 3. Bg2 Bg7 4. d4 c6 5. b3 Nf6 6. Bb2 O-O 7. O-O a5 8. a3 h6
9. Nbd2 g5 10. h4 g4 11. Ne5 Bf5 12. Re1 Ne4 13. Nxe4 dxe4 14. Nc4 Bg6 15. Qd2
Nd7 16. Qf4 f5 17. Rad1 b5 18. d5 cxd5 19. Bxg7 Kxg7 20. Ne5 Nf6 21. c4 bxc4
22. bxc4 e6 23. c5 Rc8 24. Rc1 Qc7 25. Nxg6 Kxg6 26. Qd2 Nd7 27. Rc3 Ne5 28.
Qd4 Nc4 29. Rxc4 dxc4 30. Qxc4 Qxc5 31. Qxe6+ Rf6 32. Qd7 Qc6 33. Qa7 Qc7 34.
Qd4 Qc3 35. Qd1 Qxa3 36. Qd7 Qc5 37. Rd1 Qc7 38. Qa4 Rd6 39. Rxd6+ Qxd6 40.
Qxa5 Rc1+ 41. Kh2 Rb1 42. Qa8 Rb8 43. Qa4 Qe6 44. Qc2 Rd8 45. Qc3 Qb6 46. Qc4
Qd4 47. Qe6+ Qf6 48. Qa2 Re8 49. Qa7 Qe6 50. Qb7 Rd8 51. Qc7 Rd1 52. Qc3 Rd5
53. Qb4 Rd8 54. Qa5 Re8 55. Qc5 Qe5 56. Qc6+ Kh7 57. Qd7+ Re7 58. Qd8 e3 59. f4
gxf3 60. Bxf3 Rg7 0-1

[Event "NB I. Charousek csoport"]
[Site "Szentgotthard"]
[Date "2023.10.15"]
[Round "2.10"]
[White "Hitter, Gabriella"]
[Black "Buri, Petra Zsuzsanna"]
[Result "1/2-1/2"]
[WhiteElo "2061"]
[BlackElo "1801"]
[PlyCount "95"]
[EventDate "2023.10.08"]
[EventType "team-tourn"]
[EventRounds "11"]
[EventCountry "HUN"]
[Source "chess.hu"]
[WhiteTeam "SZ-A STE"]
[BlackTeam "ASE II. Paks"]
[WhiteTeamCountry "HUN"]
[BlackTeamCountry "HUN"]

1. e4 e5 2. Nf3 Nc6 3. Bb5 a6 4. Ba4 d6 5. h3 Bd7 6. O-O Nf6 7. Re1 Be7 8. c3
O-O 9. d4 b5 10. Bc2 Re8 11. Nbd2 Bf8 12. Nf1 g6 13. Bg5 h6 14. Bh4 Bg7 15. Qd2
g5 16. Bg3 Nh5 17. Rad1 Nxg3 18. fxg3 g4 19. hxg4 Bxg4 20. N1h2 Qd7 21. Nxg4
Qxg4 22. Qf2 Rab8 23. Bb3 Rf8 24. Nh4 Na5 25. Bc2 Nc4 26. Bd3 exd4 27. cxd4 c5
28. Nf5 cxd4 29. b3 Ne3 30. Nxe3 dxe3 31. Qxe3 Rfe8 32. Qf3 Bd4+ 33. Kh2 Qg7
34. Be2 Re6 35. Rf1 Be5 36. Rc1 Rg6 37. Qf5 Rg5 38. Rc8+ Rxc8 39. Qxc8+ Kh7 40.
Qd7 Rxg3 41. Qf5+ Qg6 42. Kh1 Rxg2 43. Qxf7+ Qxf7 44. Rxf7+ Rg7 45. Rxg7+ Kxg7
46. a4 bxa4 47. bxa4 a5 48. Bb5 1/2-1/2

[Event "NB I. Charousek csoport"]
[Site "Szentgotthard"]
[Date "2023.10.15"]
[Round "2.11"]
[White "Nagy, Lajos"]
[Black "Parragi, Istvan"]
[Result "1-0"]
[WhiteElo "1763"]
[BlackElo "1898"]
[PlyCount "147"]
[EventDate "2023.10.08"]
[EventType "team-tourn"]
[EventRounds "11"]
[EventCountry "HUN"]
[Source "chess.hu"]
[WhiteTeam "ASE II. Paks"]
[BlackTeam "SZ-A STE"]
[WhiteTeamCountry "HUN"]
[BlackTeamCountry "HUN"]

1. e4 c5 2. c3 Nf6 3. e5 Nd5 4. d4 cxd4 5. Nf3 e6 6. Bc4 d6 7. cxd4 Nb6 8. Bd3
Na6 9. a3 Bd7 10. Nc3 Bc6 11. O-O h6 12. b4 Nc7 13. Qe2 Bxf3 14. Qxf3 d5 15.
Qg3 Qd7 16. Ne2 O-O-O 17. Be3 Kb8 18. Rfc1 g6 19. f4 Rc8 20. Qe1 Na4 21. Nc3
Nb2 22. Bf1 Be7 23. Bf2 Na8 24. Bb5 Qd8 25. Qe2 Nc4 26. Bxc4 Rxc4 27. Na4 b5
28. Rxc4 bxc4 29. Nc5 Nc7 30. a4 Kc8 31. Qb2 Na8 32. a5 Nc7 33. b5 Bxc5 34.
dxc5 a6 35. bxa6 Kd7 36. c6+ Kxc6 37. Qb7+ Kd7 38. Bb6 Qb8 39. Rb1 Rc8 40. Bd4
Qa8 41. a7 Qxb7 42. Rxb7 c3 43. Bxc3 Ra8 44. Bd4 Kc8 45. Rb2 Na6 46. Bb6 Kd7
47. Rc2 d4 48. Bxd4 Nb4 49. Rc4 Nc6 50. Bb6 Rc8 51. Rc5 Ra8 52. Kf2 Rc8 53. Ke3
Ra8 54. Rc2 Rc8 55. Rd2+ Ke8 56. Ke4 Ra8 57. Rd6 Nxa7 58. Bxa7 Rxa7 59. a6 Rc7
60. Rb6 Rc4+ 61. Kf3 Ra4 62. Rb8+ Kd7 63. Rb7+ Ke8 64. Rb8+ Ke7 65. Rb7+ Kf8
66. a7 Kg7 67. g3 g5 68. Ke3 gxf4+ 69. gxf4 Kg6 70. h4 f6 71. exf6 Kxf6 72. h5
Kf5 73. Kd3 Kxf4 74. Rb4+ 1-0

[Event "NB I. Charousek csoport"]
[Site "Szentgotthard"]
[Date "2023.10.15"]
[Round "2.12"]
[White "Szabo, Zsombor"]
[Black "Buri, Kata"]
[Result "1/2-1/2"]
[WhiteElo "1656"]
[BlackElo "1770"]
[PlyCount "114"]
[EventDate "2023.10.08"]
[EventType "team-tourn"]
[EventRounds "11"]
[EventCountry "HUN"]
[Source "chess.hu"]
[WhiteTeam "SZ-A STE"]
[BlackTeam "ASE II. Paks"]
[WhiteTeamCountry "HUN"]
[BlackTeamCountry "HUN"]

1. Nf3 d5 2. g3 g6 3. Bg2 Bg7 4. d4 Nf6 5. c4 c6 6. cxd5 cxd5 7. Ne5 O-O 8. O-O
Nc6 9. Nc3 e6 10. Nxc6 bxc6 11. Na4 Re8 12. Qc2 e5 13. dxe5 Rxe5 14. Bf4 Re8
15. Rfe1 Bd7 16. Nc5 Bf5 17. Qa4 Nh5 18. Bc1 Qb6 19. Nb3 Rad8 20. g4 Be4 21.
gxh5 Bxg2 22. Kxg2 Re4 23. Qa5 Qb8 24. f3 Rh4 25. Rh1 Re8 26. Qe1 Rxh5 27. Qf2
Qe5 28. Kf1 d4 29. Bd2 Bf6 30. Rc1 Qb5 31. f4 d3 32. e3 Bxb2 33. Rb1 Bf6 34.
Qf3 Qa4 35. Kg2 c5 36. Rhc1 c4 37. Qd1 cxb3 38. axb3 Qe4+ 39. Kg1 Qe6 40. Qf3
Rh4 41. Qf2 Rh5 42. Qf3 Rh3 43. Qf2 Rc8 44. Rxc8+ Qxc8 45. Rc1 Qe6 46. Rb1 Rh5
47. Qf1 Qa6 48. b4 Qa2 49. Rd1 Qc2 50. Qe1 Bc3 51. b5 Bxd2 52. Qxd2 Rxb5 53.
Qxd3 Qxd3 54. Rxd3 Ra5 55. Kg2 Kg7 56. Rd6 Ra4 57. Kf3 h5 1/2-1/2

[Event "NB I. Charousek csoport"]
[Site "Nagykanizsa"]
[Date "2023.10.15"]
[Round "2.1"]
[White "Margl, Roland"]
[Black "Horvath, Csaba"]
[Result "1/2-1/2"]
[WhiteElo "2327"]
[BlackElo "2488"]
[PlyCount "43"]
[EventDate "2023.10.08"]
[EventType "team-tourn"]
[EventRounds "11"]
[EventCountry "HUN"]
[Source "chess.hu"]
[WhiteTeam "Szechenyi ESE Gyor"]
[BlackTeam "Tuxera ANSK II."]
[WhiteTeamCountry "HUN"]
[BlackTeamCountry "HUN"]

1. d4 Nf6 2. c4 e6 3. Nf3 d5 4. g3 Be7 5. Bg2 O-O 6. O-O c6 7. Qc2 b6 8. Nbd2
Bb7 9. e4 a5 10. e5 Nfd7 11. cxd5 cxd5 12. Re1 Nc6 13. a3 b5 14. Nf1 a4 15. h4
h6 16. Bd2 b4 17. axb4 Nxb4 18. Bxb4 Bxb4 19. Rec1 Nb6 20. Ne1 Ba6 21. Nd3 Bxd3
22. Qxd3 1/2-1/2

[Event "NB I. Charousek csoport"]
[Site "Nagykanizsa"]
[Date "2023.10.15"]
[Round "2.2"]
[White "Galyas, Miklos"]
[Black "Gyurkovics, Bence Dr"]
[Result "1-0"]
[WhiteElo "2467"]
[BlackElo "2276"]
[PlyCount "115"]
[EventDate "2023.10.08"]
[EventType "team-tourn"]
[EventRounds "11"]
[EventCountry "HUN"]
[Source "chess.hu"]
[WhiteTeam "Tuxera ANSK II."]
[BlackTeam "Szechenyi ESE Gyor"]
[WhiteTeamCountry "HUN"]
[BlackTeamCountry "HUN"]

1. d4 Nf6 2. Nf3 e6 3. Bf4 b6 4. e3 Bb7 5. Nbd2 Be7 6. h3 O-O 7. Bd3 c5 8. c3
cxd4 9. exd4 d6 10. O-O Nbd7 11. Bh2 Re8 12. Re1 Qc7 13. a4 a6 14. Qe2 Nf8 15.
c4 a5 16. Nb1 Ng6 17. Nc3 Rec8 18. Nb5 Qd8 19. d5 e5 20. Nfd4 Bf8 21. Nf5 Ba6
22. b3 Bxb5 23. axb5 Nd7 24. Qg4 Nc5 25. Bc2 Qf6 26. Bg3 h6 27. h4 Ne7 28. h5
g5 29. hxg6 fxg6 30. Nxe7+ Bxe7 31. Bxg6 Qg5 32. Bf5 Qxg4 33. Bxg4 Rf8 34. Rab1
Bg5 35. f3 Bd2 36. Red1 Be3+ 37. Kf1 Ne4 38. Ke2 Nxg3+ 39. Kxe3 Rf4 40. Re1 h5
41. Be6+ Kg7 42. Ra1 Kf6 43. b4 Rxc4 44. bxa5 Rb4 45. axb6 Rxa1 46. Rxa1 Rxb5
47. Ra6 Nf5+ 48. Kd3 Ne7 49. Bd7 Rxd5+ 50. Ke2 Rd4 51. b7 Rb4 52. Rxd6+ Kg5 53.
Bc8 Nf5 54. Ra6 h4 55. Ra8 Nd4+ 56. Ke3 Nc6 57. Bd7 Rb3+ 58. Kf2 1-0

[Event "NB I. Charousek csoport"]
[Site "Nagykanizsa"]
[Date "2023.10.15"]
[Round "2.3"]
[White "Molnar, Erno"]
[Black "Bodo, Norbert"]
[Result "1/2-1/2"]
[WhiteElo "2296"]
[BlackElo "2400"]
[PlyCount "114"]
[EventDate "2023.10.08"]
[EventType "team-tourn"]
[EventRounds "11"]
[EventCountry "HUN"]
[Source "chess.hu"]
[WhiteTeam "Szechenyi ESE Gyor"]
[BlackTeam "Tuxera ANSK II."]
[WhiteTeamCountry "HUN"]
[BlackTeamCountry "HUN"]

1. e4 c6 2. d4 d5 3. Nc3 dxe4 4. Nxe4 Nf6 5. Nxf6+ exf6 6. c3 Bd6 7. Bd3 O-O 8.
Qc2 Re8+ 9. Ne2 h5 10. O-O h4 11. h3 Nd7 12. Bd2 Nf8 13. Rfe1 Bc7 14. c4 Ne6
15. c5 Nf8 16. Rad1 Be6 17. Nf4 Qd7 18. Nxe6 Nxe6 19. Bf5 Nxd4 20. Bxd7 Rxe1+
21. Rxe1 Nxc2 22. Re8+ Rxe8 23. Bxe8 Be5 24. b4 Bb2 25. b5 cxb5 26. Bxb5 Nd4
27. Bd7 Ba3 28. Bc8 Bxc5 29. Bxb7 Kf8 30. Kf1 Ke7 31. Bd5 Ne6 32. Bc4 Kd6 33.
Ke2 Ke5 34. Bc3+ Bd4 35. Bd2 g6 36. Bb3 f5 37. Bc4 Kf6 38. Bd5 Nc5 39. f3 Ne6
40. Bc6 Bb6 41. Be3 Bd4 42. Bd2 Bc5 43. Be8 Ke7 44. Ba4 Bd4 45. Bb4+ Kf6 46.
Bd2 g5 47. Be8 Be5 48. Ba4 Bd4 49. Be8 Ke7 50. Ba4 Bc5 51. Bc1 Bb6 52. Bd2 Kd6
53. Be8 f6 54. Ba4 Ke5 55. Bd7 Kd6 56. Ba4 Nd4+ 57. Ke3 Ne6+ 1/2-1/2

[Event "NB I. Charousek csoport"]
[Site "Nagykanizsa"]
[Date "2023.10.15"]
[Round "2.4"]
[White "Krutti, Valer"]
[Black "Finszter, Mate"]
[Result "1/2-1/2"]
[WhiteElo "2243"]
[BlackElo "2237"]
[PlyCount "75"]
[EventDate "2023.10.08"]
[EventType "team-tourn"]
[EventRounds "11"]
[EventCountry "HUN"]
[Source "chess.hu"]
[WhiteTeam "Tuxera ANSK II."]
[BlackTeam "Szechenyi ESE Gyor"]
[WhiteTeamCountry "HUN"]
[BlackTeamCountry "HUN"]

1. d4 g6 2. c4 Bg7 3. e4 d6 4. Nc3 e5 5. Nf3 exd4 6. Nxd4 Nc6 7. Nxc6 bxc6 8.
Be2 Ne7 9. O-O O-O 10. Qa4 c5 11. Bg5 Bb7 12. Bd3 h6 13. Bh4 g5 14. Bg3 Bc6 15.
Qc2 Ng6 16. Nd5 Rb8 17. Rab1 Bxd5 18. exd5 Nf4 19. Bh7+ Kh8 20. Bf5 Qf6 21. b3
Rbe8 22. Rfe1 Re5 23. Bxf4 gxf4 24. Rxe5 Qxe5 25. Qe4 Qxe4 26. Bxe4 a5 27. Re1
Be5 28. g3 Kg7 29. Kg2 Rb8 30. Kf3 a4 31. Bc2 axb3 32. Bxb3 Kf6 33. gxf4 Bd4
34. Rg1 Re8 35. Ba4 Ra8 36. Bb3 Re8 37. Ba4 Ra8 38. Bb3 1/2-1/2

[Event "NB I. Charousek csoport"]
[Site "Nagykanizsa"]
[Date "2023.10.15"]
[Round "2.5"]
[White "Csidey, Csongor"]
[Black "Demeter, Dorina"]
[Result "1/2-1/2"]
[WhiteElo "2059"]
[BlackElo "2115"]
[PlyCount "127"]
[EventDate "2023.10.08"]
[EventType "team-tourn"]
[EventRounds "11"]
[EventCountry "HUN"]
[Source "chess.hu"]
[WhiteTeam "Szechenyi ESE Gyor"]
[BlackTeam "Tuxera ANSK II."]
[WhiteTeamCountry "HUN"]
[BlackTeamCountry "HUN"]

1. e4 e5 2. Nf3 Nf6 3. Nc3 Nc6 4. d4 exd4 5. Nxd4 Bb4 6. Nxc6 bxc6 7. Qd4 Qe7
8. f3 Bc5 9. Qd3 d5 10. Be3 O-O 11. O-O-O Rb8 12. Bxc5 Qxc5 13. exd5 Qb4 14. b3
Bf5 15. Qc4 Qa3+ 16. Kb1 cxd5 17. Nxd5 Nxd5 18. Qxd5 Be6 19. Qe4 Rb4 20. Qe3
Ra4 21. Qc3 Qxa2+ 22. Kc1 Ra3 23. Qb2 Qa1+ 24. Qxa1 Rxa1+ 25. Kd2 Ra2 26. Kc3
a5 27. Bb5 Bf5 28. Rd2 h6 29. Re1 Rb8 30. Bc4 a4 31. b4 Ra3+ 32. Kb2 Rxb4+ 33.
Kxa3 Rxc4 34. Rc1 Be6 35. Rd8+ Kh7 36. c3 c5 37. Ra8 Rh4 38. h3 Bb3 39. Re1 c4
40. Ra6 Rf4 41. Re5 Bc2 42. Kb4 Bb3 43. Rc6 Kg8 44. Re8+ Kh7 45. Rec8 Rh4 46.
Ra8 Rh5 47. Rc5 Rh4 48. Rxa4 Bxa4 49. Kxa4 Rf4 50. Kb4 Rf6 51. Rxc4 Rb6+ 52.
Kc5 Rb2 53. Rg4 f5 54. Rg3 g5 55. c4 Rd2 56. Kb6 Rd3 57. c5 Rb3+ 58. Kc7 Kg6
59. h4 g4 60. c6 Kf6 61. Kd7 Rd3+ 62. Ke8 Rc3 63. Kd7 Rd3+ 64. Ke8 1/2-1/2

[Event "NB I. Charousek csoport"]
[Site "Nagykanizsa"]
[Date "2023.10.15"]
[Round "2.6"]
[White "Orso, Miklos"]
[Black "Papp, Gabor Dr"]
[Result "1/2-1/2"]
[WhiteElo "2175"]
[BlackElo "2019"]
[PlyCount "39"]
[EventDate "2023.10.08"]
[EventType "team-tourn"]
[EventRounds "11"]
[EventCountry "HUN"]
[Source "chess.hu"]
[WhiteTeam "Tuxera ANSK II."]
[BlackTeam "Szechenyi ESE Gyor"]
[WhiteTeamCountry "HUN"]
[BlackTeamCountry "HUN"]

1. d4 e6 2. Nf3 d5 3. b3 Nf6 4. Bb2 g6 5. Nbd2 Bg7 6. e3 O-O 7. Bd3 Nbd7 8. O-O
Re8 9. c4 dxc4 10. Nxc4 Nb6 11. Rc1 Nxc4 12. Bxc4 c6 13. Qc2 Qe7 14. e4 Nd7 15.
Rfd1 Nb6 16. Bf1 Bd7 17. Qd2 Red8 18. Rc2 Be8 19. Qe1 Rd7 20. a3 1/2-1/2

[Event "NB I. Charousek csoport"]
[Site "Nagykanizsa"]
[Date "2023.10.15"]
[Round "2.7"]
[White "Szabo, Laszlo"]
[Black "Bodo, Bence"]
[Result "0-1"]
[WhiteElo "1993"]
[BlackElo "2259"]
[PlyCount "106"]
[EventDate "2023.10.08"]
[EventType "team-tourn"]
[EventRounds "11"]
[EventCountry "HUN"]
[Source "chess.hu"]
[WhiteTeam "Szechenyi ESE Gyor"]
[BlackTeam "Tuxera ANSK II."]
[WhiteTeamCountry "HUN"]
[BlackTeamCountry "HUN"]

1. e4 e5 2. Nf3 Nf6 3. Nxe5 d6 4. Nf3 Nxe4 5. Nc3 Nxc3 6. dxc3 Be7 7. Be3 Be6
8. Qd2 Qd7 9. a3 Nc6 10. O-O-O Bf6 11. Bd3 O-O-O 12. Nd4 Nxd4 13. Bxd4 Bxd4 14.
cxd4 Rde8 15. Rhe1 Kb8 16. Qg5 f6 17. Qf4 Qf7 18. h4 Bd5 19. f3 Bc6 20. b3 Qh5
21. Kb2 Rhf8 22. Qg3 Qh6 23. Rxe8+ Rxe8 24. Re1 Rxe1 25. Qxe1 a6 26. Qe7 Qxh4
27. Qd8+ Ka7 28. Qxc7 Qxd4+ 29. Ka2 g5 30. Bxh7 Qe5 31. a4 f5 32. a5 Qf6 33.
Qc8 f4 34. Qf5 Qe5 35. Bg6 g4 36. Qxg4 Qxa5+ 37. Kb2 Qe5+ 38. Ka2 a5 39. Qf5
Qxf5 40. Bxf5 Kb6 41. c3 Kc5 42. Be6 d5 43. Kb2 Bb5 44. Kc2 Bf1 45. Bh3 b5 46.
Kd2 d4 47. cxd4+ Kxd4 48. Ke1 a4 49. bxa4 bxa4 50. Kd2 Bd3 51. Be6 a3 52. Ba2
Bc4 53. Bb1 Bf1 0-1